Łacina - słówka 2 - Statystyki

Ogólne statystyki
  • Ten quiz został rozwiązany 17 razy
  • Średni wynik to 6 z 20
Statystyki odpowiedzi
Po polsku Po łacinie % Poprawnych
Lew Leo
100%
Pies Canis
67%
Głowa Caput
53%
Brat Frater
53%
Słowo Verbum
53%
Państwo, społeczność Civitas
33%
Krzyk Clamor
27%
Kwiat Flos
27%
Łza Lacrima
27%
Cień Umbra
27%
Wiatr Ventus
27%
Drzewo Arbor
20%
Jedzenie Cibus
20%
Okno Fenestra
20%
Starzec Senex
20%
Sen Somnus
20%
Pole Ager
13%
Żołnierz Miles
13%
Żeglarz Nauta
13%
Mądry, bystry Sagax
7%
Nie znaleziono quizów pasujących do podanych kryteriów
Rozkład punktacji
Procent ludzi z każdym wynikiem
Percentyl według liczby udzielonych odpowiedzi
Twoja historia wyników
Nie rozwiązałeś tego quizu